000 00359nam a2200157Ia 4500
001 25643
003 IN-NITTTR
005 20251114233324.0
008 251113s9999||||xx |||||||||||||| ||eng||
040 _beng
040 _cIN-NITTTR
041 _aeng
082 _a423.41 C683
245 0 _aCollins French school dictionary and grammer. /
942 _2ddc
_cBK
999 _c28272
_d28272